000 00207 a2200097 4500
001 2931
100 _aNatkiel, R
245 _aForeign policy PAK's option
260 _a
_bRoyal Books
_c
090 _c2223
_d2223
942 _aNUST-CAE
_c
_c13592
999 _c238004
_d238004